000 00520nam a22001817a 4500
999 _c188877
_d188877
005 20220607104941.0
010 _aENG-133056
020 _a9789380087016
_c495.00
035 _aEN-116588
037 _bDBAD/PUB
082 _a340.5
100 _aAcharya, N.K.
245 _aShorter Encyclopedia of Legal Terms/
_cN.K. Acharya's
260 _aHyderabad
_bAsia Law House
_c2009
270 _aOpp.I.O.B., Bank Street
_bHyderabad
_e500095
300 _a824p.
_c23cm(pbk)
942 _2ddc
_cEN
_mACH
_h340.5